El oficio de la palabra : (Registro nro. 7988)

Detalles MARC
000 -LIDER
fixed length control field 02607nam a2200349 a 4500
001 - NÚMERO DE CONTROL
Identificador de número de control 000008527
003 - IDENTIFICACDOR DE NÚMERO DE CONTROL
control field DO-SdBNP
005 - DATE AND TIME OF LATEST TRANSACTION
control field 20250626115039.0
007 - CAMPOS FIJOS DE DESCRIPCIÓN FÍSICA
fixed length control field 000008527
008 - ELEMENTOS DE LONGITUD FIJA
fixed length control field 090917t1995 dr c 001 mdspa d
020 ## - ISBN
International Standard Book Number 846053247X
040 ## - FUENTE DE CATALOGACIÓN
Agencia que crea de manera original el registro BPMSU
Idioma de catalogación spa
Agencia que realiza la transcripción BPMSU
082 #4 - NÚMERO DE CLASIFICACIÓN DECIMAL DE DEWEY
Classification number 809.04
Item number L296o 1995
Edition number 22
100 1# - ASIENTO PRINCIPAL -- NOMBRE PERSONAL
Nombre personal Lantigua, José Rafael,
Fechas asociadas con el nombre 1949-
245 13 - MENCIÓN DE TITULO
Título El oficio de la palabra :
Subtítulo conversaciones literarias /
Mención de responsabilidad José Rafael Lantigua.
260 ## - PUBLICACIÓN, DISTRIBUCIÓN, ETC. (PIE DE IMPRENTA)
Lugar de publicación, distribución, etc Santo Domingo :
Nombre del editor, distribuidor, etc. Ediciones La Trinitaria,
Fecha de publicación, distribución, etc 1995.
300 ## - DESCRIPCIÓN FÍSICA
Extensión 235 p. :
Otros detalles físicos retrs. ;
Dimensiones 21 cm.
500 ## - NOTA GENERAL
Nota general Incluye datos biográficos del autor en la solapa de la cubierta.
500 ## - NOTA GENERAL
Nota general Incluye notas biobibliográficas de los autores entrevistados.
500 ## - NOTA GENERAL
Nota general Compilación de entrevistas realizadas por el autor en la sección literaria "Biblioteca" del diario Última Hora.
505 0# - NOTA DE CONTENIDO
Información miscelánea Introducción --
Título Los mejores intelectuales se forman en el exterior /
Mención de responsabilidad Diógenes Céspedes --
Título El cuentista nace siendo cuentista /
Mención de responsabilidad Virgilio Díaz Grullón --
Título La revolución poética debe ser radical /
Mención de responsabilidad José Mármol
Título "En literatura, como en boxeo, hay de todos los pesos" /
Mención de responsabilidad Plinio Apuleyo Mendoza --
Título "He leído El Quijote 21 veces" /
Mención de responsabilidad Juan Bosch --
Título "La literatura es selección y la mejor antología la hace el tiempo" /
Mención de responsabilidad Mateo Morrison --
Título "No olvides que siempre estamos llegando a Pénjamo" /
Mención de responsabilidad Enriquillo Sánchez --
Título "Soy apenas un pastor que va despertando ovejas dormidas" /
Mención de responsabilidad René Rodríguez Soriano --
Título Antes que libro mi obra fue una novela oral /
Mención de responsabilidad Viriato Sención --
Título La literatura está llena de coartadas /
Mención de responsabilidad Andrés L. Mateo --
Título Este mundo no sabe de poesía, pero le teme /
Mención de responsabilidad Oded Sverdlik --
Título La poesía es una flor, la novela es un pulpo /
Mención de responsabilidad Marcio Veloz Maggiolo --
Título Ha sido la voz de los que no tienen voz /
Mención de responsabilidad Miguel Barnet --
Título Fidel leía sobre política, nada de literatura y nunca versos /
Mención de responsabilidad Jose Pardo LLada --
Título No existe una literatura dominicana en New York /
Mención de responsabilidad José Carvajal --
Título F(r)icciones y confesiones /
Mención de responsabilidad Alexis Gómez Rosa --
Título El amor es tan subversivo como la poesía /
-- Soledad Álvarez --
Información miscelánea Apéndice --
-- Notas bio-bibliográficas.
590 ## - NOTA LOCAL
Enlace Inventariado, 2021/VM
650 #4 - ENCABEZAMIENTO DE MATERIA--TEMÁTICO
Término temático o nombre geográfico como elemento de entrada Autores latinoamericanos
Subdivisión temática general Entrevistas
650 #4 - ENCABEZAMIENTO DE MATERIA--TEMÁTICO
Término temático o nombre geográfico como elemento de entrada Autores dominicanos
Subdivisión temática general Entrevistas
650 #4 - ENCABEZAMIENTO DE MATERIA--TEMÁTICO
Término temático o nombre geográfico como elemento de entrada Literatura
Subdivisión temática general Historia y crítica
650 #4 - ENCABEZAMIENTO DE MATERIA--TEMÁTICO
Término temático o nombre geográfico como elemento de entrada Autores en la literatura
650 #4 - ENCABEZAMIENTO DE MATERIA--TEMÁTICO
Término temático o nombre geográfico como elemento de entrada Litieratura dominicana
650 #4 - ENCABEZAMIENTO DE MATERIA--TEMÁTICO
Término temático o nombre geográfico como elemento de entrada Diarios dominicanos
Subdivisión temática general Secciones, columnas, etc.
730 0# - ADDED ENTRY--UNIFORM TITLE
Uniform title Última Hora (República Dominicana)
910 ## - VALIDACIÓN
Validación VMateo V. / Validado. Control de calidad EMS.
942 ## - ADDED ENTRY ELEMENTS (KOHA)
Source of classification or shelving scheme Dewey Decimal Classification
Koha item type Libros
Existencias
Withdrawn status Lost status Source of classification or shelving scheme Damaged status Not for loan Collection code Home library Current library Date acquired Total Checkouts Full call number Barcode Date last seen Price effective from Koha item type Copy number
    Dewey Decimal Classification     Colección Dominicana Biblioteca Pública Metropolitana Salomé Ureña Biblioteca Pública Metropolitana Salomé Ureña 07/22/2015   BPMSU CD 809.04 L296o 1995 BPMSU15070315 07/22/2015 07/22/2015 Libros  
    Dewey Decimal Classification     Colección Dominicana Biblioteca Pública Metropolitana Salomé Ureña Biblioteca Pública Metropolitana Salomé Ureña 07/22/2015   BPMSU CD 809.04 L296o 1995 BPMSU21090062 09/13/2021 07/22/2015 Libros e.2
    Dewey Decimal Classification     Colección Dominicana Biblioteca Pública Metropolitana Salomé Ureña Biblioteca Pública Metropolitana Salomé Ureña 07/22/2015   BPMSU CD 809.04 L296o 1995 BPMSU25060129 06/26/2025 07/22/2015 Libros e.3